[Event "Haiwan Cup New Star 2019"]
[Site "Shanghai"]
[Date "2019.09.10"]
[Round "7.3"]
[White "Tahbaz, Arash"]
[Black "Dai, Changren"]
[Result "1-0"]
[WhiteElo "2471"]
[BlackElo "2512"]
[Annotator "TA"]
[PlyCount "67"]
[EventDate "2019.09.04"]
[EventType "tourn"]
[EventCountry "CHN"]
[SourceTitle "playchess.com"]
[Source "ChessBase"]
[SourceQuality "1"]

{[%evp 20,67,9,0,0,0,1,-14,60,48,187,180,199,175,183,168,318,325,335,333,324,321,297,258,276,269,256,266,263,210,267,250,253,260,338,326,345,342,315,212,201,0,423,418,545,543,546,541,29997,29998]} 1. Nf3 Nf6 2. b3 e6 3. Bb2 d5 4. e3 Be7 5. d4 O-O 6. Nbd2 b6 7. Bd3 Bb7 8. O-O Nbd7 9. c4 c5 10. Rc1 cxd4 11. Nxd4 Nc5 {E14: Queen's Indian: Classical Variation (4 e3)} 12. Bb1 dxc4 13. Nxc4 a6 $146 (13... Qd5 $11 14. f3 Rfd8) ({Predecessor:} 13... Qd5 14. Nf3 Qh5 15. Qe2 Nce4 16. Nd4 Qg5 17. f3 Nc5 18. a3 Rac8 19. Qc2 {0-1 (34) Mieles Palau,D (2452)-Juarez Flores,C (2400) Cali 2001}) 14. b4 $14 Qd5 ({Better is} 14... Ncd7 $14) 15. e4 $1 $18 {[%cal Re4d5]} Ncxe4 {And now ...Nc3! would win.} 16. Nxb6 Qg5 17. Nf3 $36 {[%mdl 2048] White is on the roll.} (17. Nxa8 Nc3 $11) 17... Qg4 (17... Qb5 {is a better defense.} 18. Nxa8 Rxa8) 18. h3 (18. Nxa8 Nd2 $16) 18... Qh5 19. Rc7 (19. Nxa8 Bxa8 20. Ne5 Qg5 $18) 19... Rad8 20. Qc1 Nd2 21. Nxd2 (21. Rxe7 Bxf3 22. Re1 (22. Bxf6 $2 Bxg2 {[%mdl 64] Decoy} 23. Kxg2 Qf3+ 24. Kh2 Nxf1+ 25. Qxf1 Rd1 $19) 22... Qg5 $1 $19 {[%mdl 512]}) 21... Bxg2 22. Kxg2 Qg5+ 23. Kh1 Rxd2 24. Rc3 {[%cal Bc7c3,Bc3f3,Bf3e3,Be3g3][%mdl 32] Threatens to win with Rg3.} Bd6 {Strongly threatening ...Qe5!} 25. Rf3 Qh5 {[#]} 26. Re3 $1 (26. Qxd2 Qxf3+ 27. Kg1 Bc7 $16) 26... Bxb4 {intending ...Ng4.} 27. Bxf6 gxf6 28. a3 Ba5 29. Rg3+ Kh8 30. Nc4 $2 ({White should play} 30. Kg1 $18 {aiming for Nc4.} Rg8 31. Rxg8+ Kxg8 32. Qc8+ Kg7 33. Nd7 (33. Qxa6 $2 Rd6 $19) 33... Rxd7 34. Qxd7) 30... Qd5+ $2 {[%mdl 8192]} (30... Rg8 $1 $11 31. Rxg8+ (31. Nxd2 Rxg3 32. fxg3 Qxh3+ {[%mdl 64] Double Attack} 33. Kg1 Qxg3+ 34. Kh1 Qh3+ 35. Kg1 Bb6+ 36. Rf2 Qg3+ {[%mdl 64] Double Attack, Pin} 37. Kh1 Qxf2 $17) 31... Kxg8 32. Rg1+ (32. Nxd2 Qxh3+ 33. Kg1 Qg4+ 34. Kh2 Qh4+ 35. Kg2 Qg4+ 36. Kh2 Qh4+ 37. Kg2 Qg4+ 38. Kh1 Qh4+ 39. Kg2 $11) 32... Kh8) 31. Kg1 Rc8 {[#]} 32. Nd6 $1 {[%cal Rd6f7][%mdl 512]} Rf8 (32... Qxd6 33. Qxc8+) 33. Ne4 Re2 {[#]} 34. Qh6 $1 {[%mdl 64] Double Attack. Accuracy: White = 70%, Black = 29%.} 1-0

[Event "Haiwan Cup New Star 2019"]
[Site "Shanghai"]
[Date "2019.09.10"]
[Round "7.4"]
[White "Li, Di"]
[Black "Khanin, Semen"]
[Result "1/2-1/2"]
[WhiteElo "2538"]
[BlackElo "2503"]
[Annotator "TA"]
[PlyCount "101"]
[EventDate "2019.09.04"]
[EventType "tourn"]
[EventCountry "CHN"]
[SourceTitle "playchess.com"]
[Source "ChessBase"]
[SourceQuality "1"]

{[%evp 16,101,54,49,47,38,60,28,75,-3,46,53,61,58,116,94,147,141,147,144,146,117,116,123,181,126,125,130,129,133,123,126,129,108,177,67,75,30,120,-49,-52,-22,-69,-45,-38,-59,-8,-9,-8,-11,-18,-53,0,0,0,0,0,0,50,54,80,79,131,0,141,0,0,0,0,-34,-62,-82,0,0,0,0,0,0,0,0,0,0,0,0,0,0,0,0]} 1. d4 Nf6 2. c4 g6 3. Nc3 Bg7 4. e4 d6 5. Nge2 O-O 6. Ng3 c5 7. d5 e6 8. Be2 exd5 9. cxd5 h5 {A65: Modern Benoni: 6 e4} (9... a6 10. a4 Nbd7 11. O-O Re8 12. Bg5 h6 13. Be3 h5 14. Bg5 Qa5 15. f4 Qb4 16. Qc2 Nh7 17. Bh4 c4 18. Bxh5 gxh5 19. Nxh5 {½-½ (54) Mchedlishvili,M (2571)-Can,E (2595) Konya 2019}) 10. O-O a6 11. a4 Nbd7 {White has an edge.} 12. f4 (12. Bg5 $16) 12... h4 13. Nh1 Re8 $146 ({Predecessor:} 13... Nh7 14. Nf2 f5 15. exf5 gxf5 16. Bd3 Qe8 17. Re1 Qg6 18. Re6 Rf6 19. Qc2 Ndf8 20. Re7 Rf7 21. Rxf7 Qxf7 22. Nh3 Bd7 23. Bd2 Re8 24. Re1 {½-½ (24) Ward,C (2456)-Kristjansson,S (2468) Reykjavik 2007}) 14. Nf2 c4 (14... Nh7 $14) 15. Bxc4 $16 Qc7 (15... h3 $142) 16. Be2 Nc5 {[%cal Rf6e4]} 17. Bf3 $1 Bd7 18. Re1 Nh7 19. Be3 Rac8 (19... Qa5 $16) 20. Ra3 (20. a5 $18) 20... Qa5 21. Re2 f5 22. Bd4 fxe4 23. Nfxe4 (23. Ncxe4 $6 Bxa4 24. b3 (24. Nxd6 Bxd1 25. Rxa5 Rxe2 $17) 24... Bxb3 $11) 23... Nxe4 24. Nxe4 (24. Rxe4 $6 Rxe4 25. Bxe4 Qb4 $11) 24... Rc4 (24... Bf5 $16 25. Rc3 (25. Nxd6 $2 Rxe2 26. Bxe2 Bc2 $19) 25... Rxc3 26. bxc3 (26. Nxc3 Rxe2 27. Nxe2 Bxd4+ 28. Nxd4 Nf6 $11) 26... Bxe4) 25. Bf2 ({White must play} 25. Bxg7 $18 Kxg7 26. Kf1) 25... Qc7 $14 {Strongly threatening ...Rc1.} 26. Ra1 {And now b3 would win.} Bxa4 (26... Nf6 $11 {remains equal.} 27. Nxf6+ Bxf6) 27. Rxa4 $2 (27. Qe1 $16) 27... Rc1 $36 {[%mdl 2048] Black has some pressure.} 28. Ra1 Rxd1+ 29. Rxd1 {[#]} h3 $1 {[%mdl 512]} 30. Bg4 (30. gxh3 Bh6) 30... hxg2 (30... Kf8 $1 $15 31. Rde1 Bxb2) 31. Be6+ $11 Kh8 {next ...Rf8 is good for Black.} 32. Rd3 $1 Qc4 33. Rde3 $1 Rxe6 ({Better is} 33... Qc1+ $1 $15 34. Re1 (34. Kxg2 Rf8 $15) 34... Qxb2 35. Nxd6 Rf8 36. Nf7+ Rxf7 $1 {[%mdl 512]} 37. Bxf7 Bd4) 34. dxe6 Qxe6 35. Ng5 Qc4 36. Re4 Qd5 37. Re8+ {[%mdl 1024] White has compensation.} Nf8 38. Ne6 $1 {[%cal Re6f8]} Qf5 {[#]} (38... Kg8 $142) 39. Re1 (39. Nxf8 $1 $16 Bxf8 40. R2e7) 39... Bh6 {[#]} (39... Kh7 $11 {keeps the balance.}) 40. Rc1 ({But not} 40. Kxg2 $6 Kh7 $11) ({Only move:} 40. Nxf8 $1 $16 Bxf8 41. R1e7) 40... Qb5 41. Rd8 Kg8 42. Re1 Kf7 43. Nd4 $1 {[%cal Rd4b5]} Qd5 ({Black should play} 43... Qxb2 $17 44. f5 Qb4) 44. Rde8 $1 {The position is equal.} Bg7 45. R1e7+ Kg8 46. Ne6 Qd1+ 47. Kxg2 Qd5+ 48. Kg1 Qd1+ 49. Kg2 Qd5+ 50. Kg1 Qd1+ 51. Kg2 {Accuracy: White = 51%, Black = 53%.} 1/2-1/2